| 000 | 01768nam a22002057a 4500 | ||
|---|---|---|---|
| 005 | 20260121151825.0 | ||
| 008 | 260121s1938 ck a|||fr|||| 001 0 spa d | ||
| 040 |
_aCO-BoUCM _bspa _cSandra Yazo _dSandra Yazo |
||
| 041 | 0 | _aspa | |
| 082 |
_220 _a986.105 |
||
| 092 | _aE54N072 | ||
| 110 | 1 |
_bConcejo Municipal de Bogotá _9187686 |
|
| 245 | 1 | 0 |
_aActas de la Junta Municipal de Propios de Santa-Fé de Bogotá _bVolumen 1 - 3 |
| 260 |
_aBogotá (Colombia) _bEdiciones del Concejo _c1938 |
||
| 300 |
_a3 volúmenes (xiv, 322 ; vi, 334 ; iii, 278 páginas) _c30 x 23 cm |
||
| 500 | _aDetalles físicos: Encuadernación flexible. Tapa delantera y lomo impresa y decorada en dos tintas, con el título de la obra. Hoja de cortesía. Portadas (3) impresas en dos tintas. Dedicatoria. Introducción con título y mayúscula capital en rojo. Hoja de papel satinado (papel protector transparente) con escudo de Bogotá en colores. Texto impreso en una sola columna. Márgenes muy amplios. Notas de pie de página. Tomo I y II incluyen hojas de papel satinado con ilustraciones de retratos (en blanco y negro) y cuadros (en color). Tapas sucias y manchadas por el roce. Restos de cintas pegantes antiguas en lomo y tapas. Cortes manchados. En Vol.1, carta entrega de libros a Monseñor José Vicente Castro Silva (1930) | ||
| 505 | _aVol.1: Documentos preliminares. Actas de la Junta de Propios: del 19 de septiembre de 1797 al 20 de diciembre de 1808. Vol.2: Documentos preliminares. Actas de la Junta de Propios: del 3 de enero de 1809 al 14 de diciembre de 1820. Vol.3: Documentos preliminares. Actas de la Junta de Propios: del 9 de enero de 1821 al 23 de diciembre de 1823. Apéndices. | ||
| 506 | _aConsulta en sala | ||
| 942 |
_2LOCAL _cLIBRO _e1 _hE54N072 |
||
| 999 |
_c325994 _d325994 |
||